Countries Symbolized in a Christmas Scene - Statistics

General Stats
  • This quiz has been taken 58,678 times
    58,672 since last reset
  • The average score is 15 of 20
Answers on the Map
Answers color-coded by a green-red scale on the quiz's map according to % correct below.
 
Answer Stats
Country % Correct
United Kingdom
99%
Sweden
98%
Finland
97%
Canada
94%
Iceland
91%
Japan | Bangladesh
88%
Vatican City
86%
Australia
83%
Bhutan
83%
Barbados
79%
China
79%
Tunisia
76%
Vietnam
68%
Armenia
66%
Pakistan
64%
Eswatini
63%
Haiti
61%
Lebanon
55%
Marshall Islands
54%
Grenada
20%
No matching quizzes found
Score Distribution
Percent of People with Each Score
Percentile by Number Answered
Your Score History
You have not taken this quiz since the last reset